000 01059nam a22003257a 4500
003 CHAP
005 20220329135248.0
008 971013s1975 r 00010 d
010 _a33452
011 _a34424
035 _a38540
040 _cCHAP
090 _aTesis
100 0 0 _aMáynez del Real, Juan Francisco.
_976380
245 _aFundamentos metodológicos de clínica ecosistémica silvoagropecuaria
260 _aBuenavista, Coah. :
_bEl autor,
_c1975
300 _a76 h.
_b; gráfs
502 _aTesis (M.C. Esp. en Ciencia Animal) -- Univ. Autónoma Agraria "Antonio Narro"
590 _aALEPH
_b10
_c20130110
_lUCH01
_h1258
590 _aBATCH-UPD
_b10
_c20130110
_lUCH01
_h1958
590 _aBATCH-UPD
_b10
_c20130410
_lUCH01
_h1319
590 _aBATCH-UPD
_b10
_c20130914
_lUCH01
_h1249
590 _aCONVERSION
_b10
_c20130109
_lUCH01
_h1319
650 1 4 _aEcología agrícola.
_935165
650 1 4 _aEcología forestal.
_935176
650 1 4 _aEcosistema.
_935290
901 _aBK
942 _cTESIS
949 _bBC
_cTES
_d-88065
_eTS1
_i38540
_si
999 _c33452
_d33452